000 00423nam a2200181Ia 4500
001 25187
005 20260414151133.0
008 260414t2017||||xx |||||||||||||| ||spa||
041 _aESP
082 _a346.34
_bG36
100 _aHurtado Pozo, José
_eAUT
245 0 _aGénero y derecho penal
_b
260 _c2017
300 _a591 páginas :
_c25 cm.
650 _aDER
654 _aCDE
942 _cLIB
_dJUS
_fJUS
_2ddc
_n
999 _c25187
_d25187